=LDR 00000nam 2200000 4500 =001 INLIS000000000023940 =005 20200826092657 =035 ##$$a 0010-061300000023940 =008 200826################g##########0#ind## =041 ##$$a Ind =082 ##$$a 2X9.8 =090 ##$$a 2X9.8, Kan k =100 ##$$a Al-Kandahlawi, Syekh Muhammad Yusuf =245 1#$$a Kisah-kisah teladan sahabat Nabi : $b Episode Da'wah di Jalan Allah 1 /$c Syekh Muhammad Yusuf Al-Kandahlawi =260 ##$$a Yogyakarta :$b Mitra Pustaka,$c 2004 =300 ##$$a 604 hlm, ; $c 21 x 14 cm. =650 #4$$a Biografi Tokoh-Tokoh Islam =850 ##$$a NBPNMAT =084 ##$$a 2X9.8 ALK k =990 ##$$a 30503064